| 000 | 00446nam a2200193Ia 4500 | ||
|---|---|---|---|
| 008 | 170918s9999 xx 000 0 und d | ||
| 020 | _a9780545631556 | ||
| 050 | _bC873 2012 | ||
| 100 | _aCoville, Bruce | ||
| 245 | _aAlways October / | ||
| 245 | _cBruce Coville. | ||
| 260 | _aNew York : | ||
| 260 | _bScholastic, | ||
| 260 | _c2012 | ||
| 300 | _a367 pages : | ||
| 300 | _bcolored illustration ; | ||
| 300 | _c19cm. | ||
| 500 | _a730 | ||
| 999 |
_c342051 _d342051 |
||